Rape of the lock ed. by DavidG. Lougee and Robert W. Mchenry (Record no. 117240)

MARC details
000 -LEADER
fixed length control field 00892nam a2200277Ia 4500
003 - CONTROL NUMBER IDENTIFIER
control field OSt
005 - DATE AND TIME OF LATEST TRANSACTION
control field 20220918111923.0
008 - FIXED-LENGTH DATA ELEMENTS--GENERAL INFORMATION
fixed length control field 220915b |||||||| |||| 00| 0 eng d
037 ## - SOURCE OF ACQUISITION
Terms of availability Textbook
040 ## - CATALOGING SOURCE
Language of cataloging eng
Original cataloging agency ARTS
Transcribing agency ARTS
041 ## - LANGUAGE CODE
Language code of text/sound track or separate title eng
100 ## - MAIN ENTRY--PERSONAL NAME
Personal name Pope Alexander
9 (RLIN) 11206
245 #0 - TITLE STATEMENT
Title Rape of the lock ed. by DavidG. Lougee and Robert W. Mchenry
260 ## - PUBLICATION, DISTRIBUTION, ETC.
Place of publication, distribution, etc. Ohio
Name of publisher, distributor, etc. Charles E. Merrill Piblishing
300 ## - PHYSICAL DESCRIPTION
Extent xii,141p.
Dimensions cm.
490 ## - SERIES STATEMENT
Series statement Merrill literary casebook series ed by P.J Corbett
650 ## - SUBJECT ADDED ENTRY--TOPICAL TERM
Topical term or geographic name entry element ENGLISH LITERATURE
700 ## - ADDED ENTRY--PERSONAL NAME
Personal name Lougee David G. Ed.
9 (RLIN) 11207
700 ## - ADDED ENTRY--PERSONAL NAME
Personal name McHenry Robert W. Ed.
9 (RLIN) 11208
942 ## - ADDED ENTRY ELEMENTS (KOHA)
Classification part O111,1K88,2, K9 (OD)
Koha item type Textbook
Source of classification or shelving scheme Colon Classification (CC)

No items available.

Copyright @ Delhi University Library System